Sacramentos y familia. Para una antropología y pastoral familiar de los sacramentos
Uloženo v:
| Hlavní autor: | |
|---|---|
| Médium: | Kniha |
| Jazyk: | angličtina |
| Vydáno: |
Madrid, España:
Ediciones Paulinas,
1993
|
| Edice: | Biblioteca de Teología
|
| Témata: | |
| Tagy: |
Přidat tag
Žádné tagy, Buďte první, kdo vytvoří štítek k tomuto záznamu!
|
MARC
| LEADER | 00000nam a22000007a 4500 | ||
|---|---|---|---|
| 003 | CL-VaPUC | ||
| 005 | 20220706090849.0 | ||
| 008 | 211227b1993 ||||| |||| 00| 0 eng d | ||
| 999 | |c 434391 |d 434389 | ||
| 020 | |a 84-285-1560-3 | ||
| 040 | |c Pontificia Universidad Católica de Valparaíso | ||
| 082 | 0 | 4 | |2 21 |a 265 BOR 1993 |
| 100 | 1 | |a Borobio, Dionisio |9 581456 |e autor | |
| 245 | 1 | 0 | |a Sacramentos y familia. |b Para una antropología y pastoral familiar de los sacramentos |
| 260 | |a Madrid, España: |b Ediciones Paulinas, |c 1993 | ||
| 300 | |a 306 páginas | ||
| 490 | 0 | |a Biblioteca de Teología | |
| 500 | |a Donación Padre Cristián Eichin. Correo 21-12-2021 | ||
| 583 | |c 20211227 |k Sebastián Perez | ||
| 650 | 1 | |a Sacramentos |x Vida espíritual |x Iglesia Católica |9 867569 | |
| 650 | 1 | |a Familia |x Aspectos religiosos |x Derecho canónico |9 867570 | |
| 942 | |2 ddc |c BK | ||
| 952 | |0 0 |1 0 |2 ddc |4 0 |6 265_000000000000000_BOR_1993 |7 0 |8 A |9 579800 |a BIBTEO |b BIBTEO |c GEN |d 2021-12-27 |e Donación |i 5630649 |o 265 BOR 1993 |p 5630649 |r 2025-01-17 |t 1 |w 2021-12-27 |y BK |k ICR | ||